Штрихи Победы (Запись № 11921214)

Подробности
000 -МАРКЕР
контрольное поле 02479nam0a2200397 i 4500
001 - ИДЕНТИФИКАТОР ЗАПИСИ
контрольное поле RU\NLR\BIBL_A\012440120
005 - ИДЕНТИФИКАТОР ВЕРСИИ
контрольное поле 20260406071811.0
010 ## - МЕЖДУНАРОДНЫЙ СТАНДАРТНЫЙ НОМЕР КНИГИ (ISBN)
Номер (ISBN) 9785907334076
Тираж 1500
021 ## - НОМЕР ГОСУДАРСТВЕННОЙ РЕГИСТРАЦИИ
Код страны российская федерация
Номер 2020-55441
Номер Листа государственной регистраци КН-П-4208
035 ## - ДРУГИЕ СИСТЕМНЫЕ НОМЕРА
Идентификатор записи (RuMoRGB)010426268
035 ## - ДРУГИЕ СИСТЕМНЫЕ НОМЕРА
Идентификатор записи (NLR Aleph) 012440120
100 ## - ДАННЫЕ ОБЩЕЙ ОБРАБОТКИ
Данные общей обработки 20210125d2020 u y0rusy50 ca
101 0# - ЯЗЫК РЕСУРСА
Язык текста, звукозаписи и т.д. русский
102 ## - СТРАНА ПУБЛИКАЦИИ ИЛИ ПРОИЗВОДСТВА
Страна публикации российская федерация
105 ## - ПОЛЕ КОДИРОВАННЫХ ДАННЫХ: ТЕКСТОВЫЕ МАТЕРИАЛЫ, МОНОГРАФИЧЕСКИЕ
Кодированные данные о монографическом текстовом документе ach|z|||000zy
181 #0 - ПОЛЕ КОДИРОВАННЫХ ДАННЫХ: ВИД СОДЕРЖАНИЯ
Код вида содержания (ISBD) i
Код характеристики содержания (ISBD) axxe
182 #0 - ПОЛЕ КОДИРОВАННЫХ ДАННЫХ: ТИП СРЕДСТВА
Код типа средства (ISBD) n - непосредственное
200 1# - ЗАГЛАВИЕ И СВЕДЕНИЯ ОБ ОТВЕТСТВЕННОСТИ
Основное заглавие Штрихи Победы
Сведения, относящиеся к заглавию коллекция фронтовых рисунков Анатолия Яр-Кравченко "Лётчики. Борьба за Ленинград. 1941-1944 гг."
-- [альбом
Первые сведения об ответственности автор концепции: Анастасия Петрова
Последующие сведения об ответственности авторы текстов: Елена Бардукова и др.
-- вступительное слово: Геннадий Сандырев]
203 ## - ВИД СОДЕРЖАНИЯ И ТИП СРЕДСТВА
Вид содержания Текст
Дополнительные сведения об издании визуальный
Тип средства непосредственный
210 ## - ПУБЛИКАЦИЯ, РАСПРОСТРАНЕНИЕ И ДР.
Место издания, распространения и т.д. Пермь
Имя издателя, распространителя и т. д. Дудкин В.А.
Дата издания, распространения и т.д. 2020
215 ## - ФИЗИЧЕСКАЯ ХАРАКТЕРИСТИКА
Специфическое обозначение материала и объем 127 с.
Другие сведения о физической характеристике ил., цв. ил., портр., факс.
Размеры 34
300 ## - ОБЩИЕ ПРИМЕЧАНИЯ
Текст примечания На корешке подзаг.: Лётчики. Борьба за Ленинград. 1941-1944 гг.
604 ## - ИМЯ И ЗАГЛАВИЕ КАК ПРЕДМЕТ
Связываемые данные 700#1$aЯр-Кравченко$bА. Н.$gАнатолий Никифорович$f1911 - 1983
-- 500##$a"Лётчики. Борьба за Ленинград. 1941 - 1944 гг."$jАльбомы$2nlr_sh2$3RU\NLR\AUTH\6601682605
Идентификатор авторитетной/нормативной записи RU\NLR\AUTH\6601682605
Имя лица Яр-Кравченко, Анатолий Никифорович (1911 - 1983)
Заглавие "Лётчики. Борьба за Ленинград. 1941 - 1944 гг."
Формальный подзаголовок Альбомы
Системный номер авторитетной/нормативной записи 2466854
606 1# - НАИМЕНОВАНИЕ ТЕМЫ КАК ПРЕДМЕТ
Наименование темы Военные летчики советские
Формальный подзаголовок Альбомы
Хронологический подзаголовок 1941 - 1945
Системный номер авторитетной/нормативной записи 2558734
Идентификатор авторитетной/нормативной записи RU\NLR\AUTH\661513691
606 ## - НАИМЕНОВАНИЕ ТЕМЫ КАК ПРЕДМЕТ
Наименование темы Ленинградская битва
Формальный подзаголовок Альбомы
Тематический подзаголовок Герои и героизм
Хронологический подзаголовок 1941 - 1944
Системный номер авторитетной/нормативной записи 2576391
Идентификатор авторитетной/нормативной записи RU\NLR\AUTH\661523293
686 1# - ИНДЕКСЫ ДРУГИХ КЛАССИФИКАЦИЙ
Индекс Щ153(2Р=Рус)7-8Яр-Кравченко я61
686 1# - ИНДЕКСЫ ДРУГИХ КЛАССИФИКАЦИЙ
Индекс Ц35(2)722-65-243д.я61
700 #1 - ИМЯ ЛИЦА - ПЕРВИЧНАЯ ОТВЕТСТВЕННОСТЬ
Материалы, к которым относится поле rus
Графика поля Кириллица
Начальный элемент ввода Яр-Кравченко
Часть имени, кроме начального элемента ввода А. Н.
Даты 1911-1983
Расширение инициалов личного имени Анатолий Никифорович
Идентификатор авторитетной/нормативной записи RU\NLR\AUTH\7716817
Системный номер авторитетной/нормативной записи 126451
702 #1 - ИМЯ ЛИЦА - ВТОРИЧНАЯ ОТВЕТСТВЕННОСТЬ
Код отношения Прочие
Графика поля Кириллица
Материалы, к которым относится поле rus
Начальный элемент ввода Петрова
Часть имени, кроме начального элемента ввода А.
Дополнения к именам, кроме дат журналист
Даты 1983-2020
Расширение инициалов личного имени Анастасия
Системный номер авторитетной/нормативной записи 226561
Идентификатор авторитетной/нормативной записи RU\NLR\AUTH\770226617
942 ## - ДОПОЛНИТЕЛЬНЫЕ ЭЛЕМЕНТЫ ЗАПИСИ (АБИС)
Тип экземпляра АБИС Книга
980 ## - КОЛЛЕКЦИЯ
Название коллекции НБР

Нет доступных экземпляров.